00780nam a22002537a 450000500170000001000130001702000100003003500130004003700160005304000120006908200130008110000250009424500460011925000120016526000450017727000470022230000200026950000200028965000210030965000330033094200220036399900190038595201220040420170124105951.0 aA-472940 c36.00 aA-472940 bCen Lib/Ret aDPLbEN a291bHIC aHick, John H.913510 aPhilosophy of religion /cby John H. Hick a4th ed. aNew DelhibPrentice hall of india c1991 bNew DelhiaM-97, Connaught circus e110001 a146p.c20cm(Hb) aIncludes index  aReligion 913511 aPhilosophy xreligion913512 2ddccENh291mHIC c125256d125256 00104070aLbLd2015-06-20eCen Lib/Retg36.00l0o291 HICpA-472940r2015-06-20 00:00:00t1v29.00w2015-06-20yEN